000 00742nam a2200205 4500
001 85997
003 BD-RjUL
005 20251125123419.0
008 251125s1964 pk ||||| |||| 00| 0 urd d
035 _a(BD-RjUL) 85997
040 _aBD-RjUL
_beng
_cBD-RjUL
041 _aurd
082 _223
_a891.439109
_bQAT 1964
100 _a قادری, حامد حسن ;; Qadri, Hamid Hassan
_917386
245 1 0 _aتاریخ مرثیہ گوئی / Tārīẖ-i mars̱iyah goʾī /
_cمصنفہ حامد حسن قادری, Ḥāmid Ḥasan Qādrī
260 _a Sindh, Karācī :
_b اردو اکیڈمی / Urdū Akeḍimī
_c, 1964
300 _a155 p. ;
_c17 cm
650 _aاردو ادب → مرثیہ → تاریخ
_917387
942 _2ddc
_cBK
999 _c85997
_d85997